00564nam a2200193Ia 4500008004100000020001800041082002100059100003100080245002000111250000600131260003600137300001000173500002400183650001200207700002600219942000700245952010100252999001700353230524s9999 xx 000 0 und d a9789380422206 a621.3819583bMOH aJivan Jyoti Mohanty941952 0aMicroprocessors a1 aNew DelhibBK Publicationc2010 a393p; aQuantity Number: 1 aComp-Sc aBal Gopal Raju941953 cBK 00104070aTATCLbTATCLcGENd2023-05-24l0o621.3819583 MOHp53816r2023-05-24w2023-05-24yBK c56369d56369